INFONEP časopis nielen pre nepočujúcich

Bibliographic Details
Other Authors: Vojtechovský, Roman, 1979- (Publishing director)
Format: Journal
Language:Slovak
PhysicalDescription:4 zv. 30 cm
Published: Bratislava Asociácia nepočujúcich Slovenska Asociácia rodičov nepočujúcich detí Slovenska 2007-2010
Bratislava Asociácia nepočujúcich Slovenska
ISSN:1337-5679
Subjects:

MARC

LEADER 00000cas a2200000 a 4500
001 vtls009090044
003 SK-MaSNL
005 20260228160258.0
008 070830d20072010xo mr p 0 b0slo
022 |a 1337-5679 
035 |a (SVKBB)vtls000269860 
040 |a SVKBB  |b slo  |c SVKBB  |d SAVUK  |d SNK  |e AACR2 
041 0 |a slo 
044 |a xo  |c SK 
072 7 |a 316.3  |x Globálne spoločnosti. Sociálna štruktúra. Sociálne skupiny  |2 konspekt 
080 |a 316.344.6-056.263  |2 2011 
080 |a 050  |2 2011 
080 |a (051)-048.55  |2 2011 
210 0 |a Infonep 
222 0 |a Infonep 
245 0 0 |a INFONEP  |b časopis nielen pre nepočujúcich 
260 |a Bratislava  |b Asociácia nepočujúcich Slovenska  |b Asociácia rodičov nepočujúcich detí Slovenska  |c 2007-2010 
260 3 |3 7/2007-2010  |a Bratislava  |b Asociácia nepočujúcich Slovenska 
300 |a 4 zv.  |c 30 cm 
310 |a 1x mesačne 
362 0 |a Č. 1/2 (2007)-č. 2/3 (2010) 
500 |a Registračné č.: 3755/2007 ; EV 2514/08 ; EV 3869/09 
500 |a Šéfredaktor: 2007-2010, Roman Vojtechovský 
515 |a Niektoré čísla vychádzajú ako dvojčíslo 
550 |a 1-4/2007 vydáva Asociácia nepočujúcich Slovenska (ANEPS) a Asociácia rodičov nepočujúcich detí Slovenska (ARNEDS) v spolupráci so Spolkom nepočujúcich pedagógov (SNEPEDA), Asociáciou tlmočníkov posunkovej reči nepočujúcich Slovenska (ATLPRENES), občianskymi združeniami MYSLÍM, EFFETA - Stredisko sv. F. Saleského, Nitra 
550 |a 5-6/2007 vydáva Asociácia nepočujúcich Slovenska a Asociácia rodičov nepočujúcich detí Slovenska (ARNEDS) v spolupráci s Asociáciou tlmočníkov posunkovej reči nepočujúcich Slovenska (ATLPRENES), občianskymi združeniami MYSLÍM, EFFETA - Stredisko sv. F. Saleského, Nitra,s Kresťanským centrom nepočujúcich na Slovensku (KCNS) 
550 |a 7-12/2007 vydáva Asociácia nepočujúcich Slovenska v spolupráci s Asociáciou rodičov nepočujúcich detí Slovenska (ARNEDS), Asociáciou tlmočníkov posunkovej reči (ATLPRENES), MYSLÍM, EFFETA - Stredisko sv. F. Saleského a Kresťanské centrum nepočujúcich na Slovensku (KCNS) 
550 |a 2008-4/2009 vydáva Asociácia nepočujúcich Slovenska (ANEPS) v spolupr. s Asociáciou rodičov nepočujúcich detí na Slovensku (ARNEDS), Asociáciou tlmočnikov posunkovej reči (ATLPRENES), Spokom nepočujúcich pedagógov (SNEPEDA), Myslím, Effeta - Stredisko sv. F. Saleského, Kresťanským centrom nepočujúcich na Slovensku (KCNS) a T-Mobile 
650 0 7 |a nepočujúci  |2 SNKPH  |9 1082 
650 0 7 |a sluchovo postihnutí  |2 SNKPH  |9 29680 
650 0 7 |a Deaf  |2 SNKPHeng  |9 266295 
650 0 7 |a Hearing impaired  |2 SNKPHeng  |9 266296 
655 7 |a špecializované časopisy  |2 SNKPH  |9 70509 
655 7 |a Specialized magazines  |2 SNKPHeng  |9 266103 
700 1 |a Vojtechovský, Roman,  |d 1979-  |4 pbd  |9 233411 
710 2 |a ANEPS (Bratislava, Slovensko)  |4 pbl  |9 266297 
710 2 |a ARNEDS (Bratislava, Slovensko)  |4 pbl  |9 266298 
710 2 |a Asociácia tlmočníkov posunkovej reči nepočujúcich Slovenska (Bratislava, Slovensko)  |4 pbl  |9 266299 
710 2 |a ATLPRENES (Bratislava, Slovensko)  |4 pbl  |9 266300 
710 2 |a Občianske združenie Myslím (Bratislava, Slovensko)  |4 pbl  |9 266301 
710 2 |a EFFETA - Stredisko sv. F. Saleského (Nitra, Slovensko)  |4 pbl  |9 266302 
710 2 |a Kresťanské centrum nepočujúcich na Slovensku (Bratislava, Slovensko)  |4 pbl  |9 266303 
710 2 |a KCNS (Bratislava, Slovensko)  |4 pbl  |9 266304 
710 2 |a Asociácia rodičov nepočujúcich detí Slovenska (Bratislava, Slovensko)  |4 pbl  |9 266305 
710 2 |a Spolok nepočujúcich pedagógov (Bratislava, Slovensko)  |4 pbl  |9 266306 
710 2 |a SNEPEDA (Bratislava, Slovensko)  |4 pbl  |9 266307 
852 |a Štátna vedecká knižnica v Banskej Bystrici 
910 |a savuk 
910 |a snk 
916 |a 2007-2010 
999 |c 2039  |d 3969 
952 |0 0  |1 0  |4 0  |7 0  |8 0  |a SNK  |b SNK  |d 2019-05-21  |f 1  |i snk2019/13930  |l 0  |o snkČSB 7109/2007  |p 17A1367624  |r 2026-02-21 22:07:26  |t č. 1-12  |w 2026-02-21  |y PREZ 
952 |0 0  |1 0  |4 0  |7 0  |8 0  |a SNK  |b SNK  |d 2019-05-21  |f 1  |i snk2019/13933  |l 0  |o snkČSB 7109/2008  |p 17A1367625  |r 2026-02-21 22:07:26  |t č. 1-12  |w 2026-02-21  |y PREZ 
952 |0 0  |1 0  |4 0  |7 0  |8 0  |a SNK  |b SNK  |d 2019-05-21  |f 1  |i snk2019/13934  |l 0  |o snkČSB 7109/2009  |p 17A1367626  |r 2026-02-21 22:07:26  |t č. 1-12  |w 2026-02-21  |y PREZ 
952 |0 0  |1 0  |4 0  |7 0  |8 0  |a SNK  |b SNK  |d 2019-05-21  |f 1  |i snk2019/13935  |l 0  |o snkČSB 7109/2010  |p 17A1367627  |r 2026-02-21 22:07:26  |t č. 1-3  |w 2026-02-21  |y PREZ 
952 |0 0  |1 0  |4 0  |7 0  |8 0  |a SNK  |b SNK  |d 2019-05-21  |i snk2019/13938  |l 0  |o snkČSB 7109/2007 D1  |p 17A1367628  |r 2026-02-21 22:07:26  |t č. 1-12, neúplné  |w 2026-02-21  |y PREZ  |z Chýba č. 1-2,8 
952 |0 0  |1 0  |4 0  |7 0  |8 0  |a SNK  |b SNK  |d 2019-05-21  |i snk2019/13939  |l 0  |o snkČSB 7109/2008 D1  |p 17A1367629  |r 2026-02-21 22:07:26  |t č. 1-12  |w 2026-02-21  |y PREZ 
952 |0 0  |1 0  |4 0  |7 0  |8 0  |a SNK  |b SNK  |d 2019-05-21  |i snk2019/13945  |l 0  |o snkČSB 7109/2009 D1  |p 17A1367630  |r 2026-02-21 22:07:26  |t č. 1-12  |w 2026-02-21  |y PREZ 
952 |0 0  |1 0  |4 0  |7 0  |8 0  |a SNK  |b SNK  |d 2019-05-21  |i snk2019/13947  |l 0  |o snkČSB 7109/2010 D1  |p 17A1315208  |r 2026-02-21 22:07:26  |t č. 1-3  |w 2026-02-21  |y PREZ